000 00528cam a2200193 a 4500
020 _a0314597433 (pbk.)
040 _cDLC
082 0 0 _a613 WES 1988 A040 Or.
100 1 _aHamilton, Eva May Nunnelley.
245 1 0 _aNutrition :
_bconcepts and controversies /
250 _a4th ed. /
260 _aSt. Paul :
_bWest Pub. Co,
_cc1988.
300 _axvi, 736 p. :
_bill. (some col.) ;
_c26 cm.
650 0 _aNutrition.
650 0 _aFood.
700 1 _aWhitney, Eleanor Noss.
700 1 _aWebb, Frances Sizer.
942 _cEK
999 _c11882
_d11882